[Event "Paulista-ch"]
[Site "Sao Paulo"]
[Date "2016.11.??"]
[Round "3"]
[White "Kamura, Victor da Costa"]
[Black "Dutra, Liliam Guedes"]
[Result "0-1"]
[WhiteElo "1320"]
[BlackElo "1565"]
[PlyCount "102"]
[EventDate "2016.11.09"]
[EventType "swiss"]
[EventRounds "6"]
[EventCountry "BRA"]
[SourceTitle "EXT 2022"]
[Source "ChessBase"]
[SourceDate "2021.10.06"]
[SourceVersion "1"]
[SourceVersionDate "2021.10.06"]
[SourceQuality "1"]

1. e4 e6 2. d4 d5 3. e5 c5 4. c3 Nc6 5. Nf3 Bd7 6. Bd3 cxd4 7. cxd4 Nb4 8. Nc3 Nxd3+ 9. Qxd3 a6 10. a3 Ne7 11. Bg5 h6 12. Bh4 Qb6 13. 0-0 Nf5 14. Qd2 Nxh4 15. Nxh4 Be7 16. Nf3 0-0 17. Ne1 Rac8 18. Nd3 f6 19. exf6 Bxf6 20. Ne5 Be8 21. f4 Qd8 22. Ne2 Bb5 23. Rf3 Bxe5 24. fxe5 Bxe2 25. Qxe2 Qg5 26. Raf1 Rxf3 27. Rxf3 Rc1+ 28. Rf1 Qf4 29. Rxc1 Qxc1+ 30. Kf2 Qf4+ 31. Ke1 Qxd4 32. Kf1 Qf4+ 33. Kg1 Qf5 34. h3 h5 35. b4 b5 36. Qe3 Qb1+ 37. Kh2 Qb2 38. Kg1 d4 39. Qd3 Qc1+ 40. Kh2 Qf4+ 41. Qg3 Qf5 42. Qe1 g5 43. Kh1 Qf4 44. Qe2 g4 45. hxg4 hxg4 46. Qc2 g3 47. Qc8+ Kg7 48. Qc7+ Qf7 49. Qxf7+ Kxf7 50. Kg1 Kg6 51. Kf1 Kf5 0-1

[Event "Hebraica Xeque Mate op 1st"]
[Site "Hebraica"]
[Date "2016.06.12"]
[Round "4"]
[White "Kamura, Victor da Costa"]
[Black "Silvestre, Gilmar Severino"]
[Result "0-1"]
[WhiteElo "1292"]
[BlackElo "1653"]
[PlyCount "50"]
[EventDate "2016.06.11"]
[EventType "swiss"]
[EventRounds "5"]
[EventCountry "BRA"]
[SourceTitle "CBM 173 Extra"]
[Source "ChessBase"]
[SourceDate "2016.08.29"]
[SourceVersion "1"]
[SourceVersionDate "2016.08.29"]
[SourceQuality "1"]

1. e4 c5 2. Nf3 e6 3. Nc3 a6 4. d4 cxd4 5. Nxd4 Qc7 6. Bd3 Nc6 7. Nxc6 dxc6 8. a3 Nf6 9. Be3 Bd6 10. g3 e5 11. Qd2 Bg4 12. h3 Be6 13. f4 c5 14. fxe5 Bxe5 15. Bf4 c4 16. Be2 Rd8 17. Bxe5 Qxe5 18. Qe3 0-0 19. g4 Rfe8 20. Kf2 Bd5 21. Rad1 Nxe4+ 22. Nxe4 Bxe4 23. Rxd8 Rxd8 24. Bxc4 Qf6+ 25. Kg3 Bxh1 0-1

[Event "Sao Paulo ECP op 6th"]
[Site "Sao Paulo"]
[Date "2015.10.24"]
[Round "4"]
[White "Kamura, Victor da Costa"]
[Black "Campos, Maria Leticia Lasca"]
[Result "1-0"]
[WhiteElo "1715"]
[BlackElo "1767"]
[PlyCount "63"]
[EventDate "2015.10.23"]
[EventType "swiss"]
[EventRounds "6"]
[EventCountry "BRA"]
[SourceTitle "CBM 169 Extra"]
[Source "ChessBase"]
[SourceDate "2015.12.18"]
[SourceVersion "1"]
[SourceVersionDate "2015.12.18"]
[SourceQuality "1"]

1. d4 d5 2. c4 c6 3. Nc3 Bf5 4. Nf3 Nf6 5. Bg5 e6 6. e3 h6 7. Bh4 Bd6 8. c5 Bc7 9. Bd3 Bxd3 10. Qxd3 0-0 11. e4 Nbd7 12. e5 Ne4 13. Bxd8 Raxd8 14. Nxe4 dxe4 15. Qxe4 Ba5+ 16. Nd2 f6 17. Rd1 f5 18. Qf3 Nb8 19. Qa3 Bc7 20. Qxa7 Rxd4 21. Qxb7 Rf7 22. 0-0 Rd8 23. Nf3 Rxd1 24. Rxd1 g5 25. Qc8+ Kg7 26. Qxe6 g4 27. Nh4 Nd7 28. Rxd7 Rxd7 29. Qxd7+ Kf8 30. Qxc7 Ke8 31. Ng6 g3 32. Qe7# 1-0

[Event "Sao Paulo ECP op 6th"]
[Site "Sao Paulo"]
[Date "2015.10.23"]
[Round "2"]
[White "Takano, Nicholas Ryo"]
[Black "Kamura, Victor da Costa"]
[Result "1-0"]
[WhiteElo "1630"]
[BlackElo "1715"]
[PlyCount "45"]
[EventDate "2015.10.23"]
[EventType "swiss"]
[EventRounds "6"]
[EventCountry "BRA"]
[SourceTitle "CBM 169 Extra"]
[Source "ChessBase"]
[SourceDate "2015.12.18"]
[SourceVersion "1"]
[SourceVersionDate "2015.12.18"]
[SourceQuality "1"]

1. e4 c5 2. Nf3 d6 3. d4 cxd4 4. Nxd4 Nf6 5. Nc3 g6 6. Be3 Bg7 7. f3 0-0 8. Qd2 Bd7 9. 0-0-0 Re8 10. g4 Nc6 11. h4 Ne5 12. h5 Bc6 13. Bh6 Bh8 14. hxg6 hxg6 15. Qh2 Nexg4 16. fxg4 Nxg4 17. Qh4 Nf6 18. Be2 e5 19. Nf5 Nh7 20. Qh3 Bf6 21. Bg7 Bxg7 22. Qxh7+ Kf8 23. Qxg7# 1-0

[Event "Baeta Neves op 3rd"]
[Site "Baeta Neves"]
[Date "2015.09.26"]
[Round "5"]
[White "Kamura, Victor da Costa"]
[Black "Peixoto, Fernando Teodoro Ma"]
[Result "1-0"]
[WhiteElo "1735"]
[BlackElo "1672"]
[PlyCount "73"]
[EventDate "2015.09.24"]
[EventType "swiss"]
[EventRounds "6"]
[EventCountry "BRA"]
[SourceTitle "EXT 2016"]
[Source "ChessBase"]
[SourceDate "2015.10.08"]
[SourceVersion "1"]
[SourceVersionDate "2015.10.08"]
[SourceQuality "1"]

1. d4 Nf6 2. Nf3 e6 3. e3 d5 4. Bd3 Bd6 5. Nbd2 b6 6. e4 Nxe4 7. Nxe4 dxe4 8. Bxe4 c6 9. 0-0 f5 10. Bd3 0-0 11. Qe2 Re8 12. Re1 Nd7 13. Bxf5 Nf6 14. Be4 Qc7 15. h3 Bb7 16. Bg5 Nxe4 17. Qxe4 c5 18. Qg4 Rad8 19. Bxd8 Qxd8 20. dxc5 Bxc5 21. Rxe6 Rf8 22. b4 Be7 23. Ree1 Bf6 24. Rad1 Qc7 25. Rd7 Qb8 26. Nd2 Bc8 27. Qc4+ Kh8 28. Rf7 Rd8 29. Ne4 Qe5 30. Rxa7 h6 31. Ra8 Be6 32. Rxd8+ Bxd8 33. Qa6 Bc7 34. Qa8+ Kh7 35. g3 Bd5 36. Nf6+ gxf6 37. Rxe5 1-0

[Event "Baeta Neves op 3rd"]
[Site "Baeta Neves"]
[Date "2015.09.24"]
[Round "2"]
[White "Assef, Nathaly Regina Reis"]
[Black "Kamura, Victor da Costa"]
[Result "1-0"]
[WhiteElo "1528"]
[BlackElo "1735"]
[PlyCount "117"]
[EventDate "2015.09.24"]
[EventType "swiss"]
[EventRounds "6"]
[EventCountry "BRA"]
[SourceTitle "EXT 2016"]
[Source "ChessBase"]
[SourceDate "2015.10.08"]
[SourceVersion "1"]
[SourceVersionDate "2015.10.08"]
[SourceQuality "1"]

1. c4 e5 2. g3 Nc6 3. Bg2 Nf6 4. Nc3 Bb4 5. Qc2 Bxc3 6. Qxc3 d5 7. cxd5 Nxd5 8. Qb3 Nce7 9. Nf3 Qd6 10. 0-0 0-0 11. d4 exd4 12. Nxd4 c5 13. Nb5 Qc6 14. Nc3 Be6 15. Rd1 Rad8 16. Bd2 Nxc3 17. Qxc3 Nd5 18. Qc2 Qc7 19. Rac1 b6 20. b4 Rc8 21. e4 Nf6 22. bxc5 bxc5 23. Bb4 Nd7 24. f4 Qb6 25. Ba3 f6 26. f5 Bxf5 27. exf5 c4+ 28. Kh1 Rfd8 29. Be7 Ne5 30. Bxd8 Rxd8 31. Rxd8+ Qxd8 32. Rd1 Qc7 33. Bd5+ Kh8 34. Rd4 c3 35. Rd1 Qc5 36. Bg2 g6 37. fxg6 hxg6 38. Rc1 Ng4 39. h3 Nf2+ 40. Kh2 g5 41. Qxc3 Qf5 42. Qc8+ Qxc8 43. Rxc8+ Kg7 44. Rc7+ Kg6 45. Rxa7 g4 46. Rd7 gxh3 47. Bxh3 Nxh3 48. Kxh3 f5 49. a4 Kg5 50. a5 f4 51. gxf4+ Kxf4 52. Re7 Kg5 53. a6 Kh6 54. Re5 Kg7 55. Re6 Kf7 56. Rb6 Ke8 57. Rb7 Kf8 58. a7 Kg8 59. a8R# 1-0